| 000 | 01118nam a22002657a 4500 | ||
|---|---|---|---|
| 005 | 20180129105630.0 | ||
| 010 | _a1718EN-30 ENG-121902-903 | ||
| 020 |
_a9789382127895 (v.1) _c495.00 (each) |
||
| 020 |
_a9789385462559 (v.2) _c495.00 (each) |
||
| 035 | _aEN-105434-435 | ||
| 035 | _aB-686649-706 | ||
| 037 |
_bAne Books _adpl |
||
| 037 | _bDBAD/PUB | ||
| 082 | _a540 | ||
| 100 | _aDatta, S.C. | ||
| 245 |
_aCollege chemistry : _cby S.C. Datta [and] Ajay Kumar Bhagi _b(including practicals) as per CBCS syllabus / |
||
| 260 |
_aNew Delhi _bAne Books _c2017 |
||
| 270 |
_a4821, Parwana Bhawan, Ist Floor, 24 Ansari Road, Daryaganj, _bNew Delhi _e110002 |
||
| 300 |
_a2v. (xv,513p.; xviii,516p.) _c25cm(pbk) |
||
| 500 | _aIncludes index | ||
| 505 | _av.2- for B.Sc.(Hons.) (semester-II) | ||
| 700 | _aBhagi, Ajay Kumar | ||
| 942 |
_2ddc _cEN _mDAT _h540 |
||
| 999 |
_c144890 _d144890 |
||